[Event "CUB School-chT"]
[Site "Santa Clara"]
[Date "2017.07.15"]
[Round "5.3"]
[White "Reyes Fonseca, Ammi Sarai"]
[Black "Hernandez Gil, Ineymig"]
[Result "0-1"]
[WhiteElo "1692"]
[BlackElo "1900"]
[PlyCount "130"]
[EventDate "2017.07.13"]
[EventType "team-swiss"]
[EventRounds "9"]
[EventCountry "CUB"]
[SourceTitle "EXT 2023"]
[Source "ChessBase"]
[SourceDate "2022.10.05"]
[SourceVersion "1"]
[SourceVersionDate "2022.10.05"]
[SourceQuality "1"]

1. d4 d5 2. Nf3 Nf6 3. Bf4 c6 4. e3 Qb6 5. Qc1 Bf5 6. h3 h6 7. Nbd2 Nbd7 8. c3 e6 9. Be2 Be7 10. 0-0 0-0 11. Bd1 c5 12. Bc2 Bxc2 13. Qxc2 Rac8 14. Qb3 Rfd8 15. Ne5 Qxb3 16. axb3 a6 17. Nxd7 Nxd7 18. Nf3 Rc6 19. Rfd1 Bd6 20. Bxd6 Rxd6 21. dxc5 Nxc5 22. b4 Ne4 23. Nd4 Kf8 24. Nb3 Ke7 25. f3 Nf6 26. Nc5 Rb6 27. Kf2 Nd7 28. Nxd7 Rxd7 29. Ra5 Kd8 30. Rd4 Kc7 31. Rc5+ Rc6 32. Ra5 Rcd6 33. e4 dxe4 34. Rxe4 Rd2+ 35. Re2 Kc6 36. Rc5+ Kb6 37. Ra5 R7d5 38. Ra1 Kb5 39. Ra5+ Kc4 40. Rxd5 Rxd5 41. Rc2 Kb3 42. Re2 Rd1 43. Ke3 Rb1 44. Kd4 Rxb2 45. Rxb2+ Kxb2 46. Kc4 b5+ 47. Kd3 Kb3 48. f4 f6 49. g4 e5 50. fxe5 fxe5 51. Ke4 Kxc3 52. Kxe5 Kxb4 53. Ke6 Kc5 54. Kf7 b4 55. Kxg7 b3 56. Kxh6 b2 57. h4 b1Q 58. g5 Kd6 59. g6 Ke7 60. h5 Kf8 61. Kh7 Qb7+ 62. Kh6 a5 63. Kg5 a4 64. h6 a3 65. h7 Kg7 0-1

[Event "Bayamo Cespedes Memorial op"]
[Site "Bayamo"]
[Date "2017.03.06"]
[Round "7.20"]
[White "Reyes Fonseca, Ammi Sarai"]
[Black "Ulloa Rey, Luis Ernesto"]
[Result "0-1"]
[WhiteElo "1726"]
[BlackElo "1977"]
[PlyCount "98"]
[EventDate "2017.03.01"]
[EventType "swiss"]
[EventRounds "9"]
[EventCountry "CUB"]
[SourceTitle "EXT 2023"]
[Source "ChessBase"]
[SourceDate "2022.10.05"]
[SourceVersion "1"]
[SourceVersionDate "2022.10.05"]
[SourceQuality "1"]

1. e4 c5 2. Nc3 Nc6 3. g3 g6 4. Bg2 Bg7 5. d3 Nf6 6. Nge2 0-0 7. 0-0 d6 8. h3 Be6 9. Be3 b6 10. Qd2 Rc8 11. Bh6 d5 12. Bxg7 Kxg7 13. Nf4 d4 14. Ncd5 Bxd5 15. Nxd5 Nxd5 16. exd5 Nb4 17. c4 dxc3 18. Qxc3+ f6 19. Qc4 b5 20. Qxb5 Nxd5 21. Qb7 Nb4 22. Qxa7 Rc7 23. Qb6 Qd6 24. Qxd6 exd6 25. b3 Re8 26. a3 Nc2 27. Ra2 Nd4 28. Bd5 Ne2+ 29. Rxe2 Rxe2 30. Ra1 Rce7 31. Kf1 Rd2 32. Bf3 Rxd3 33. Bd1 Rc3 34. a4 d5 35. a5 Ra7 36. a6 d4 37. Ke1 Kf8 38. Kd2 Ke7 39. Be2 Rxb3 40. Bc4 Rb2+ 41. Ke1 Kd6 42. Kf1 Rb4 43. Be2 c4 44. Ke1 d3 45. Bf3 c3 46. Rd1 d2+ 47. Ke2 Rd4 48. Bb7 Kc5 49. Ra1 c2 0-1